[Проекты. [1]$90: Проект часовни в память... императора Александра II... для города Пензы (Запись № 3733480)

Подробности
000 -МАРКЕР
контрольное поле 01233nam2a22002531 4500
001 - ИДЕНТИФИКАТОР ЗАПИСИ
контрольное поле v19\rc\1228588
005 - ИДЕНТИФИКАТОР ВЕРСИИ
контрольное поле 20260406164045.0
035 ## - ДРУГИЕ СИСТЕМНЫЕ НОМЕРА
Идентификатор записи (NLR Aleph) 004389492
100 ## - ДАННЫЕ ОБЩЕЙ ОБРАБОТКИ
Данные общей обработки 20060306f18801889|||y0rusy50 ca
101 0# - ЯЗЫК РЕСУРСА
Язык текста, звукозаписи и т.д. русский
102 ## - СТРАНА ПУБЛИКАЦИИ ИЛИ ПРОИЗВОДСТВА
Страна публикации Российская Федерация
105 ## - ПОЛЕ КОДИРОВАННЫХ ДАННЫХ: ТЕКСТОВЫЕ МАТЕРИАЛЫ, МОНОГРАФИЧЕСКИЕ
Кодированные данные о монографическом текстовом документе a z |||||
200 1# - ЗАГЛАВИЕ И СВЕДЕНИЯ ОБ ОТВЕТСТВЕННОСТИ
Основное заглавие Проект часовни в память... императора Александра II... для города Пензы
215 ## - ФИЗИЧЕСКАЯ ХАРАКТЕРИСТИКА
Специфическое обозначение материала и объем 1 отд. л. черт.
461 #0 - УРОВЕНЬ НАБОРА
Встроенное поле 001v19\rc\1228587
-- 2001#$a[Проекты$e1-]$fСост. инж.-архит. Колодко$v[1]$90
-- 700#1$aКолодко$bГ.И.$4220
Системный номер (АБИС) связанной записи 3733469
Автор Колодко, Г.И.
Место публикации Пенза
Дата публикации [188-?]-
Первые сведения об ответственности Сост. инж.-архит. Колодко
Имя издателя, распространителя и т.д. литогр. Пензенск. губ. правл.
Сведения, относящиеся к заглавию 1-]
Заглавие [Проекты
Номер тома [1]$90
532 13 - РАСШИРЕННОЕ ЗАГЛАВИЕ
Заглавие Проект часовни в память императора Александра II для города Пензы
702 #0 - ИМЯ ЛИЦА - ВТОРИЧНАЯ ОТВЕТСТВЕННОСТЬ
Код отношения Объект посвящения
Графика поля Кириллица
Материалы, к которым относится поле rus
Начальный элемент ввода Александр
Дополнения к именам, кроме дат император российский
Римские цифры II
Даты 1818-1881
Системный номер авторитетной/нормативной записи 120289
Идентификатор авторитетной/нормативной записи RU\NLR\AUTH\7710521
801 #0 - ИСТОЧНИК ЗАПИСИ
Страна Российская Федерация
Организация NLR
Правила каталогизации psbo
801 #1 - ИСТОЧНИК ЗАПИСИ
Страна Российская Федерация
Организация ProSoft-M
Источник данных rusmarc
852 ## - МЕСТОНАХОЖДЕНИЕ И ШИФР ХРАНЕНИЯ
Идентификатор организации NLR
Шифр хранения (Call Number) 18.207.1.112
942 ## - ДОПОЛНИТЕЛЬНЫЕ ЭЛЕМЕНТЫ ЗАПИСИ (АБИС)
Тип экземпляра АБИС Книга
980 ## - КОЛЛЕКЦИЯ
Название коллекции Национальная библиография
Экземпляры
Тип экземпляра Дата поступления Библиотека постоянного хранения Библиотека текущего хранения Место хранения Шифр хранения Штрих-код Статус экземпляра
Книга 26.10.2013 РНБ (Садовая) РНБ (Садовая) Русский книжный фонд -Главное здание, Ленинский читальный зал 18.207.1.112 4389492-10